| 000 | 00591nam a2200181Ia 4500 | ||
|---|---|---|---|
| 008 | 090124s9999 xx 000 0 und d | ||
| 082 |
_b42448 _a294.59 |
||
| 100 | _aपंडित वा.ना. | ||
| 245 | _a अद्वैत भक्ती | ||
| 250 | _a6 | ||
| 260 | _b"स्कंददास स्मारक ग्रंथ न्यास," | ||
| 300 | _a176 | ||
| 600 | _aपंडित वा.ना. | ||
| 630 | _a अद्वैत भक्ती | ||
| 700 | _aपंडित वा.ना. | ||
| 730 | _a अद्वैत भक्ती | ||
| 942 | _cBOOK | ||
| 999 |
_c108641 _d108641 |
||